[Event "4th Oakham Young Masters"]
[Site "Oakham ENG"]
[Date "1990.03.28"]
[Round "1"]
[White "Kogan, Artur"]
[Black "Norwood, David Robert"]
[Result "0-1"]
[WhiteElo "2335"]
[BlackElo "2530"]
[EventDate "1990.03.28"]
[PlyCount "78"]
[Source "John Saunders"]

1.e4 g6 2.d4 Bg7 3.g3 d5 4.e5 f6 5.f4 c5 6.c3 Nc6 7.Bg2 Bf5 8.Ne2 e6 9.O-O
h5 10.h3 Qb6 11.Kh1 Nh6 12.b3 cxd4 13.cxd4 Bxb1 14.Rxb1 Nf5 15.Qd3 Ncxd4 
16.Nxd4 Qxd4 17.Qxd4 Nxd4 18.exf6 Bxf6 19.Bb2 Kf7 20.Bxd4 Bxd4 21.Rbd1 Bb6
22.Bf3 Rac8 23.Rd2 Rc3 24.Kg2 Rhc8 25.Re2 Rc2 26.Re1 Kf6 27.g4 Be3 28.gxh5
gxh5 29.Bxh5 Bxf4 30.Bg4 R8c6 31.Rxc2 Rxc2+ 32.Re2 Rxe2+ 33.Bxe2 e5 34.Bg4
e4 35.Kf2 Ke5 36.Bc8 b6 37.Ke2 d4 38.Ba6 d3+ 39.Kd1 Kd4 0-1